000 00518nam a2200205Ia 4500
005 20250923150432.0
008 008 250917s9999 xx 000 0 eng d
037 _aTextual
040 _aDSWL
_beng
_cDSWL
041 _aeng
_2eng
084 _qDSWL
100 _aBhuwania, Anuj
_9845923
245 0 _aCourting the people
_cby Anuj Bhuwania
260 _aNew Delhi
_b Cambridge Univ. Press
_c2017
300 _a157 p.
365 _aINR
_b995
925 _g995
942 _cTEXL
999 _c1463415
_d1463415